Search the Library Catalogue
| 000 -LEADER | |
|---|---|
| fixed length control field | 00752nam a2200229Ia 4500 |
| 008 - FIXED-LENGTH DATA ELEMENTS--GENERAL INFORMATION | |
| fixed length control field | 191130s1993##################000#0#eng## |
| 020 ## - INTERNATIONAL STANDARD BOOK NUMBER | |
| ISBN | 9780812970425 |
| 082 ## - DEWEY DECIMAL CLASSIFICATION NUMBER | |
| Classification number | 793.8092 BRA |
| 100 ## - MAIN ENTRY--AUTHOR NAME | |
| Personal name | Brandon, Ruth |
| 245 ## - TITLE STATEMENT | |
| Title | The life and many deaths of Harry Houdini |
| Statement of responsibility, etc | Ruth Brandon |
| 260 ## - PUBLICATION, DISTRIBUTION, ETC. (IMPRINT) | |
| Place of publication | New York |
| Name of publisher | Random House |
| Year of publication | c1993 |
| 300 ## - PHYSICAL DESCRIPTION | |
| Number of Pages | x, 355 p., [24] p. of plates : ill. ; 25 cm |
| 500 ## - GENERAL NOTE | |
| General note | Includes bibliographical references (p. [339]-343) and index |
| 650 ## - SUBJECT ADDED ENTRY--TOPICAL TERM | |
| Topical Term | Escape artists - United States - Biography |
| Topical Term | Houdini, Harry, 1874-1926 |
| Topical Term | Magicians - United States - Biography |
| 991 ## - | |
| -- | 336514 |
| Withdrawn status | Lost status | Damaged status | Not for loan | Home library | Current library | Shelving location | Date acquired | Full call number | Accession Number | Price effective from | Koha item type |
|---|---|---|---|---|---|---|---|---|---|---|---|
| Anna Centenary Library | Anna Centenary Library | 6TH FLOOR, B WING | 09.10.2020 | 793.8092 BRA | 505517 | 09.10.2020 | English Books |